International financial statement analysis / (Record no. 21544)
[ view plain ]
| 000 -LEADER | |
|---|---|
| fixed length control field | 01043cam a22003015a 4500 |
| 001 - CONTROL NUMBER | |
| control field | 18778457 |
| 005 - DATE AND TIME OF LATEST TRANSACTION | |
| control field | 20201128023712.0 |
| 008 - FIXED-LENGTH DATA ELEMENTS--GENERAL INFORMATION | |
| fixed length control field | 150910t2015 njua frbd 001 0 eng d |
| 020 ## - INTERNATIONAL STANDARD BOOK NUMBER | |
| International Standard Book Number | 9781118999479 |
| 040 ## - CATALOGING SOURCE | |
| Original cataloging agency | DLC |
| Language of cataloging | eng |
| Transcribing agency | DLC |
| Modifying agency | EG-ScBUE |
| 082 04 - DEWEY DECIMAL CLASSIFICATION NUMBER | |
| Edition number | 22 |
| Classification number | 657.3 |
| Item number | INT |
| 245 00 - TITLE STATEMENT | |
| Title | International financial statement analysis / |
| Statement of responsibility, etc | Thomas R. Robinson ... [et al.] ; foreword by Anthony T. Cope. |
| 250 ## - EDITION STATEMENT | |
| Edition statement | 3rd ed. |
| 260 ## - PUBLICATION, DISTRIBUTION, ETC. (IMPRINT) | |
| Place of publication, distribution, etc | Hoboken : |
| Name of publisher, distributor, etc | John Wiley & Sons, |
| Date of publication, distribution, etc | c.2015. |
| 300 ## - PHYSICAL DESCRIPTION | |
| Extent | xxiv, 1033 p. : |
| Other physical details | ill. ; |
| Dimensions | 26 cm. |
| 490 0# - Series Statement | |
| Series statement | CFA institute investment series. |
| 500 ## - GENERAL NOTE | |
| General note | Glossary : p. 987-997. |
| 500 ## - GENERAL NOTE | |
| General note | Index : p. 1005-1033. |
| 504 ## - BIBLIOGRAPHY, ETC. NOTE | |
| Bibliography, etc | Includes bibliographical references. |
| 650 #7 - SUBJECT ADDED ENTRY--TOPICAL TERM | |
| Topical term or geographic name as entry element | Financial statements. |
| Source of heading or term | BUEsh |
| 9 (RLIN) | 4982 |
| 650 #7 - SUBJECT ADDED ENTRY--TOPICAL TERM | |
| Topical term or geographic name as entry element | International business enterprises |
| General subdivision | Accounting. |
| Source of heading or term | BUEsh |
| 9 (RLIN) | 3016 |
| 651 ## - SUBJECT ADDED ENTRY--GEOGRAPHIC NAME | |
| Source of heading or term | BUEsh |
| 653 ## - INDEX TERM--UNCONTROLLED | |
| Resource For college | BAEPS, Business Administration |
| Arrived date list | March2016 |
| -- | October2016 |
| 655 ## - INDEX TERM--GENRE/FORM | |
| Form subdivision | Reading book |
| -- | 34232 |
| 700 1# - ADDED ENTRY--PERSONAL NAME | |
| Personal name | Robinson, Thomas R. |
| 700 1# - ADDED ENTRY--PERSONAL NAME | |
| Personal name | Cope, Anthony T., |
| Relator term | author of introduction, etc. |
| 942 ## - ADDED ENTRY ELEMENTS (KOHA) | |
| Source of classification or shelving scheme | Dewey Decimal Classification |
| Withdrawn status | Item status | Source of classification or shelving scheme | Damaged status | Not for loan | Vendor | Home library | Current library | Shelving location | Date acquired | Source of acquisition | Total Checkouts | Total Renewals | Full call number | Barcode | Date last seen | Date last borrowed | Koha item type | Cost, normal purchase price | Serial Enumeration / chronology | Cost, replacement price |
|---|---|---|---|---|---|---|---|---|---|---|---|---|---|---|---|---|---|---|---|---|
| Dewey Decimal Classification | Baccah | Central Library | Central Library | First floor | 29/03/2016 | Purchase | 1 | 2 | 657.3 INT | 000032225 | 15/07/2025 | 10/07/2018 | Book - Borrowing | |||||||
| Dewey Decimal Classification | Baccah | Central Library | Central Library | First floor | 29/03/2016 | Purchase | 2 | 14 | 657.3 INT | 000032226 | 15/07/2025 | 11/03/2020 | Book - Borrowing | |||||||
| Dewey Decimal Classification | Baccah | Central Library | Central Library | First floor | 29/03/2016 | Purchase | 1 | 9 | 657.3 INT | 000032227 | 15/07/2025 | 11/03/2020 | Book - Borrowing | |||||||
| Dewey Decimal Classification | Academic Bookshop | Central Library | Central Library | First floor | 13/10/2016 | Purchase | 657.3 INT | 000034079 | 15/07/2025 | Book - Borrowing | 425.00 | 9154 | 531.00 |